000 01401cam a2200265 a 4500
999 _c58125
_d58125
001 17807033
005 20210621142017.0
008 130710s2014 nyua b 001 0 eng
020 _a9780415626965
041 _aeng
080 _a371.3+616.896 L-37
100 1 _aLaugeson, Elizabeth A.
_912103
245 1 4 _aThe PEERS curriculum for school based professionals :
_bsocial skills training for adolescents with autism spectrum disorder /
_cElizabeth A. Laugeson.
264 1 _aNew York, NY :
_bRoutledge,
_c2014.
300 _a461 pages :
_billustrations ;
_c28 cm.
653 _aPEERS– ის სასწავლო პროგრამა სკოლის ბაზაზე მოქმედი პროფესიონალებისთვის
653 _aУчебная программа PEERS для школьных профессионалов
653 _aაუტიზმის სპექტრის დარღვევების მქონე ახალგაზრდები
653 _aМолодежь с расстройствами аутистического спектра
653 _aკომუნიკაციის უნარები
653 _aНавыки общения
653 _aქცევის მოდიფიკაცია
653 _aМодификация поведения
942 _2udc
_cBK